| 000 | 00613nam a22001937a 4500 | ||
|---|---|---|---|
| 005 | 20151117164443.0 | ||
| 010 | _aENG-114089 | ||
| 020 |
_c680.00 _a9789380502069 |
||
| 035 | _aEN-97621 | ||
| 037 | _bDBAD/PUB | ||
| 082 | _a363.3250954792 | ||
| 245 |
_aIndia's war on terror / _cedited by Gurmeet Kanwal [and] N. Manoharan |
||
| 260 |
_aNew Delhi _bKW Publishers _c2010 |
||
| 270 |
_a4676/21, First Floor, Ansari Road, Daryganj _bNew Delhi _e110002 |
||
| 300 |
_axvi,296p. : _c24cm(Hb) _bill. |
||
| 700 | _aKanwal, Gurmeet | ||
| 700 | _aManoharan, N. | ||
| 942 |
_2ddc _cEN _mIND _h363.3250954792 |
||
| 999 |
_c97120 _d97120 |
||